UK Counties General Knowledge: Staffordshire - Statistics

General Stats
  • This quiz has been taken 195 times
  • The average score is 10 of 20
Answer Stats
Clue Answer % Correct
Theme Park in the county, home to rides such as Nemesis, Oblivion and The Smiler. Alton Towers
84%
Market town in the north of the county, shares its name with a vegetable. Leek
78%
Staffordshire football club, founded in 1863. Stoke City
78%
Cathedral city in the south east of the county. Lichfield
75%
Name of Motorway which runs north to south through the county. M6
74%
Winner of a record 18 Brit awards, born in Stoke-on-Trent. Robbie Williams
68%
Town on the river Trent, famed for brewing. Burton-on-Trent
64%
Traditional rivals of Stoke City FC. Port Vale
58%
Medium-sized, short coated breed of dog, named after the county. Staffordshire Bull Terrier
58%
Multiple winner of the PDC World Darts Championship, born in Burslem. Phil 'The Power' Taylor
47%
Born in Hanley, Stoke-on-Trent, the first footballer to receive a Knighthood. Sir Stanley Matthews
47%
Former Royal forest now designated as an ‘Area of Outstanding Natural Beauty’ (AONB). Cannock Chase
43%
Company founded by Joseph Cyril Bamford, which has its HQ in Rocester in the east of the county. JCB
43%
Racecourse which is host to the Midlands Grand National in March each year. Uttoxeter
43%
English potter and businessman, born in Burslem, who founded a world famous pottery company. Josiah Wedgwood
38%
At 463m (1518ft) above sea level, this village in the Staffordshire Moorlands is the highest in Britain. Flash
37%
British Strongman known as ‘The Beast’, born in Newcastle-under-Lyme in 1988. Eddie Hall
26%
Grand National Trust property, previously belonging to the Earls of Lichfield. Shugborough Hall
23%
Village, home to the National Memorial Arboretum, which receives around 300,000 visitors each year. Alrewas
22%
Staffordshire’s County Flower. Heather
9%
No matching quizzes found
Score Distribution
Percent of People with Each Score
Percentile by Number Answered
Your Score History
You have not taken this quiz